Wie viele Sprachen spricht die Literatur?
| Titel: | Wie viele Sprachen spricht die Literatur? / Hans-Christian Trepte |
|---|---|
| Verfasser: | |
| In: |
Germanoslavica, Band 26, Heft 2 (2015), Seite 94-99 alle Artikel anzeigen |
| Veröffentlicht: | 2015 |
| Format: | Aufsatz |
| Sprache: | Deutsch |
X
alg: 38028579 001A $04504:04-05-16 001B $01999:27-07-21 $t17:18:19.000 001C $04504:04-05-16 $t17:23:27.000 001D $04504:04-05-16 001U $0utf8 001X $00 002@ $0Aou 002C $aText $btxt $2rdacontent 002D $aohne Hilfsmittel zu benutzen $bn $2rdamedia 002E $aBand $bnc $2rdacarrier 003@ $0380285797 007A $0380285797 $aHEB 010@ $ager 010E $erda 011@ $a2015 013D $#Newspapers Sections, columns, etc. Reviews $#Book reviewing $#Journaux Cahiers, chroniques, etc. Comptes rendus $#Livres Recension $#Rezension $#Buchbesprechung $#Buchrezension $#Buchkritik $74049712-4 $8Rezension [Ts1] $9085138568 021A $aWie viele Sprachen spricht die Literatur? $hHans-Christian Trepte 028A $BVerfasser $#Trepte, Hans-Christian $4aut $7109454022 $8Trepte, Hans-Christian$Z1950- [Tp1] $9144139510 031A $d26 $e2 $h94-99 $j2015 039B $aEnthalten in $8--Abvc--. Germanoslavica. - Hildesheim : Olms, 1931-. - ISSN 1210-9029 $x201500000260002906 $9047348615 039T $aRezension von $8--Aau--. Wie viele Sprachen spricht die Literatur?. - Wien : Praesens-Verl., 2014. - 226 S.. - Ill.. - ISBN 3-7069-0759-3 $9337929629 045F $a900.9437 $eDDC23BSB 045F/01 $a900 045F/03 $g437 045T $a7,20 $a25 $a7,41 $a7,39 045T $aLING $qDE-30 $2FID 045T $aGER $qDE-30 $2FID 045T $aAVL $qDE-30 $2FID 045V $805.07.00$jDeutschsprachige Literatur des Auslandes [Tkx] $9118843427 lok: 38028579 62 exp: 38028579 62 1 #EPN 201B/01 $004-05-16 $t22:09:17.000 203@/01 $077369904X 208@/01 $a04-05-16 $be 209A/01 $a/ $f000 $x00 209B/01 $a2016 $x05 247C/01 $8Frankfurt, Bibliographie der Deutschen Sprach- und Literaturwissenschaft $9113214561 201U/01 $0utf8 lok: 38028579 78 exp: 38028579 78 1 #EPN 201B/01 $006-03-19 $t11:31:21.000 201C/01 $006-03-19 201U/01 $0utf8 203@/01 $01047129752 208@/01 $a06-03-19 $be 209A/01 $a/ $f000 $x00 209A/01 $ab*p $x01 220C/01 $apgar 244Z/01 $#Ostmitteleuropa $#Ostmitteleuropa $#Mitteleuropa, Ost $#Central Europe Ostmitteleuropa $#Mittelosteuropa $74075753-5 $8--Tg1--Ostmitteleuropa $x01 $9085214485 247C/01 $82080>Marburg/Lahn, Herder-Institut, Forschungsbibliothek, Bibliographieportal $9336309341
| LEADER | 00000caa a2200000 c 4500 | ||
|---|---|---|---|
| 001 | 380285797 | ||
| 003 | DE-603 | ||
| 005 | 20210727171819.0 | ||
| 007 | tu | ||
| 008 | 160504s2015 xx |||| | u00||u|ger c | ||
| 035 | |a (DE-599)HEB380285797 | ||
| 040 | |a DE-603 |b ger |c DE-603 |d DE-603 |e rda | ||
| 041 | |a ger | ||
| 082 | 0 | 4 | |8 1\u |a 900.9437 |q DE-101 |2 23/BSB |
| 084 | |a 7,20 |a 25 |a 7,41 |a 7,39 |2 ssgn | ||
| 084 | |a LING |q DE-30 |2 fid | ||
| 084 | |a GER |q DE-30 |2 fid | ||
| 084 | |a AVL |q DE-30 |2 fid | ||
| 085 | |8 1\u |b 900 | ||
| 085 | |8 1\u |z 2 |s 437 | ||
| 100 | 1 | |a Trepte, Hans-Christian |d 1950- |e Verfasser |4 aut |0 (DE-603)144139510 |0 (DE-588)109454022 |2 gnd | |
| 245 | 0 | 0 | |a Wie viele Sprachen spricht die Literatur? |c Hans-Christian Trepte |
| 264 | 0 | |c 2015 | |
| 336 | |a Text |b txt |2 rdacontent | ||
| 337 | |a ohne Hilfsmittel zu benutzen |b n |2 rdamedia | ||
| 338 | |a Band |b nc |2 rdacarrier | ||
| 655 | 7 | |a Rezension |2 gnd-content |0 (DE-588)4049712-4 |0 (DE-603)085138568 | |
| 773 | 0 | 8 | |i Enthalten in |t Germanoslavica |d Hildesheim : Olms, 1931- |x 1210-9029 |g Band 26, Heft 2 (2015), Seite 94-99 |w (DE-603)047348615 |w (DE-600)216758-X |
| 787 | 0 | 8 | |i Rezension von |t Wie viele Sprachen spricht die Literatur? |d Wien : Praesens-Verl., 2014 |h 226 S., Ill. |z 3706907593 |z 9783706907590 |w (DE-603)337929629 |
| 924 | 0 | |9 603 |a (DE-603)77369904X |b DE-603 |c HES |d d | |
| 924 | 0 | |9 2080 |a (DE-603)1047129752 |b DE-2080 |c HES |d d |g / | |


